00596nam a2200145 a 45000010005000000030005000050050017000100080041000270200015000680400026000832450245001092600040003544900023003947000033004171155CDMR20130320094017.0130130s1999||||||||||||||||||||||||||||d a8489727643 aCDMRbcatcCPC LLEIDA04aEls reptes per a les empreses davant del tercer mil·lennicManuel Ruíz i González (ed.) ; Antoni Brufau i Niubó ... [et al.]b: la resposta als reptes d'interconnexió, globalització, canvi tecnològic, moneda única i territori aLleidac1999bUniversitat de Lleida0 aEconomia i empresa1 aRuiz González, Manueleed.